| 000 | 00393nam a22001697a 4500 | ||
|---|---|---|---|
| 005 | 20160905111635.0 | ||
| 008 | 160905b xxu||||| |||| 00| 0 eng d | ||
| 020 | _a978-81-312-1739-9 | ||
| 041 | _aeng | ||
| 100 |
_aWILLS,B.A _93485 |
||
| 245 | _aMINERAL PROCESSING TECHNOLOGY | ||
| 250 | _a7th | ||
| 260 | _bBUTTERWORTH-HEINEMANN | ||
| 300 | _a429 | ||
| 650 |
_aMINING _93481 |
||
| 942 | _cBK | ||
| 999 |
_c5189 _d5187 |
||